| 000 | 00827cab a2200241 4500 | ||
|---|---|---|---|
| 001 | ABS54581 | ||
| 008 | 090401t1995 xxu||||| |||| 00| 0 eng d | ||
| 035 | _a(Sirsi) u11190 | ||
| 041 | _aeng | ||
| 100 | _aDumfries, C. | ||
| 245 | 3 | _aAn introduction to Feng Shui for real estate appraisers | |
| 260 | _c1995 | ||
| 350 | _a0 | ||
| 490 |
_aCanadian Appraiser _v39(4) Winter 1995, 19-27(9) |
||
| 520 | _aThe Chinese philosophy of Feng Shui, which believes that physical configurations shape the affairs of people, is described. Principles are applied to real estate issues, illustrating how they may help in the design and selling of property. | ||
| 650 | _aCHINA | ||
| 650 | _aCHINESE GEOMANCY | ||
| 650 | _aDESIGN | ||
| 650 | _aFENG SHUI | ||
| 690 | _aMAPPING AND MEASUREMENT | ||
| 942 | _n0 | ||
| 948 | _c04/03/1997 | ||
| 999 |
_c7122 _d7122 |
||